000 01039nam a22003137a 4500
003 CHAP
005 20220329140930.0
008 971013s1996 r 00010 d
010 _a59978
011 _a60950
035 _a65114
040 _cCHAP
090 _aTesis
100 0 0 _aMedina Cristales, Juan.
_973948
245 _aAplicación de micronutrientes en tomate de cáscara (Physalis ixocarpa, Brot.)
260 _aChapingo, Méx. :
_bEl autor,
_c1996
300 _a103 h.
502 _aTesis (Ing. Agr. Esp. en Fitotecnia) -- UACH. Departamento de Fitotecnia
590 _aALEPH
_b10
_c20130110
_lUCH01
_h1338
590 _aBATCH-UPD
_b10
_c20130110
_lUCH01
_h0613
590 _aCONVERSION
_b10
_c20130109
_lUCH01
_h1332
650 1 4 _aElementos menores.
_936257
650 1 4 _aPlantas
_xElementos menores.
_988822
650 1 4 _aTomate verde
_xElementos minerales.
_9113808
901 _aBK
942 _cFOLL
949 _bBC
_cTES
_d-144153
_eTS1
_h28934
_i65114
_si
949 _bBC
_cTES
_d33724000084984
_eTS2
_fc.2
_h28935
_i65114
_si
999 _c59978
_d59978